000 02955nab a2200301 i 4500
003 BR-BrBNA
005 20250320090753.0
008 250320b2015 bl.qr|pooa||| 00| 0 eng |
040 _aBR-BrBNA
_beng
072 _aF70
072 _aC30
100 _aDutra, Valquíria Ferreira
100 _aAlves-Araújo, Anderson
100 _aCarrijo, Tatiana Tavares
245 _aAngiosperm Checklist of Espírito Santo: using electronic tools to improve the knowledge of an Atlantic Forest biodiversity hotspot
500 _aPublicação on-line; Bibliography p. 1148-1152 (95 ref.); 2 illus.; Summaries (En, Pt)
520 _a Abstract A checklist of angiosperm species for the state of Espírito Santo, Brazil is presented. A total of 6,204 native species was recorded, representing an increase of 16% in species richness for the area. Espírito Santo shelters 32% of the native species of Brazil’s Atlantic Forest and holds 516 endemic species (8.3% of the total registered taxa for the State). Bromeliaceae and Orchidaceae are the families with highest number of endemic species (142 spp. and 80 spp., respectively), followed by Myrtaceae (33 spp.), Melastomataceae (30 spp.), and Araceae (23 spp.). This paper represents an important landmark for future research in plant diversity in Espírito Santo, and highlights the importance of consulting online databases in order to update the knowledge presented by the Brazilian flora checklist. Key words: Brazil, endemism, floristics, species richness, virtual herbarium. Resumo Uma listagem de angiospermas do estado do Espírito Santo é apresentada, incluindo um total de 6.204 espécies nativas, representando um aumento de 16% na riqueza de espécies registrada para o Estado. O Espírito Santo abriga 32% das espécies nativas da Floresta Atlântica e apresenta 516 espécies endêmicas (8.3% do total registrado para o Estado). As famílias Bromeliaceae e Orchidaceae apresentam o maior número de espécies endêmicas (142 spp. e 80 spp., respectivamente), seguidas por Myrtaceae (33 spp.), Melastomataceae (30 spp.) e Araceae (23 spp.). Os resultados representam um importante marco para futuras pesquisas em diversidade de plantas no Espírito Santo e destacam a importância de consultar as plataformas virtuais para atualização da Lista de Espécies da Flora do Brasil. Palavras-chave: Brasil, endemismo, flora, herbários virtuais, riqueza de espécies.
650 _aFLORA
650 _aHERBÁRIO
650 _aESPÉCIE
650 _aTAXONOMIA
650 _aBANCO DE DADOS
650 _aBRASIL
773 0 _0709
_9349166
_dRio de Janeiro-RJ Jardim Botanico do Rio de Janeiro 1935
_o2025-1685
_tRodriguésia (Brazil)
_x0370-6583; 2175-7860 on-line
_gv. 66(4) p. 1145-1152; (2015)
_wBR2025000265
856 _uhttps://www.scielo.br/j/rod/a/fq8Hqw7ZVSKwKt8Jsvvc9NR/?format=pdf&lang=en
942 _cANA
999 _c330546
_d330546